| 000 | 00707nam a2200229 a 4500 | ||
|---|---|---|---|
| 001 | 20180 | ||
| 003 | CO-ViMGA | ||
| 008 | 141112s2004 ck r 000 u spa d | ||
| 020 | _a9706077294 | ||
| 040 |
_aCO-ViMGA _bspa _cCO-ViMGA |
||
| 082 | _aI 808.831 C163 | ||
| 100 | 1 |
_aBusquets, Carlos, il. _93205 |
|
| 245 | 1 | 0 | _aCaperucita Roja |
| 260 |
_aMexico : _bEdiciones Hemma, _c2002 |
||
| 300 | _a16 p. | ||
| 490 | _aLos cuentos que me ayudan a crecer | ||
| 500 | _aDe 4 a 6 años. | ||
| 590 |
_aForma de adquisición : Donación Temas y Libros, 2005 - - Precio : _ 5.000 |
||
| 650 | 1 | 4 |
_aCUENTOS INFANTILES - APRENDIZAJE _93206 |
| 650 | 1 | 4 |
_aCUENTOS INFANTILES CON ACTIVIDADES _93207 |
| 942 |
_2ddc _cBK |
||
| 999 |
_c10929 _d10929 |
||